| Tag |
First Indicator |
Second Indicator |
Subfields |
| LEADER |
00000cas a2200000 a 4500 |
| 001 |
in00000632575 |
| 005 |
20151015052648.0 |
| 008 |
780602c19789999oncqr4p 0uuua0engmd |
| 010 |
|
|
|a 78646792
|z cn 78031096
|
| 012 |
|
|
|a 4
|b 1
|
| 015 |
|
|
|a C 780310969
|
| 022 |
|
|
|a 0705-5900
|
| 030 |
|
|
|a ATOCDA
|
| 035 |
|
|
|a (OCoLC)03947793
|
| 035 |
|
|
|9 ACU2491AM
|
| 037 |
|
|
|b University of Toronto Press, Journals Dept., 5201 Dufferin St., Downsview, Ont. M3H 5T8
|
| 040 |
|
|
|a ILU
|b eng
|c ILU
|d YUS
|d NLC
|d DLC
|d OCL
|d DLC
|d NSD
|d NLC
|d OCL
|d TXA
|d UtOrBLW
|
| 041 |
0 |
|
|a eng
|a fre
|
| 042 |
|
|
|a nlc
|a isds/c
|a lc
|
| 049 |
|
|
|a TXAE
|
| 050 |
0 |
0 |
|a QC851
|b .A82
|
| 055 |
0 |
1 |
|a QC851
|
| 082 |
0 |
|
|a 551.5/05
|
| 222 |
|
0 |
|a Atmosphere-ocean
|
| 245 |
0 |
0 |
|a Atmosphere-ocean.
|
| 264 |
|
1 |
|a Toronto :
|b University of Toronto Press,
|c 1978-
|
| 300 |
|
|
|a volumes :
|b illustrations ;
|c 24 cm.
|
| 336 |
|
|
|a text
|b txt
|2 rdacontent
|
| 337 |
|
|
|a unmediated
|b n
|2 rdamedia
|
| 338 |
|
|
|a volume
|b nc
|2 rdacarrier
|
| 362 |
0 |
|
|a Vol. 16 (1978)-
|
| 500 |
|
|
|a Description based on: Volume 19, number 1 (1981).
|
| 546 |
|
|
|a Includes some text in French.
|
| 650 |
|
0 |
|a Atmosphere
|x Periodicals.
|
| 650 |
|
0 |
|a Meteorology
|v Periodicals.
|
| 650 |
|
0 |
|a Oceanography
|v Periodicals.
|
| 650 |
|
6 |
|a Meterologie
|x Periodiques.
|
| 710 |
2 |
|
|a Canadian Meteorological and Oceanographic Society.
|
| 780 |
0 |
0 |
|t Atmosphere
|x 0004-6973
|w (CaOONL) 7803126778
|
| 999 |
|
|
|a MARS
|
| 999 |
f |
f |
|s c732eca2-b6dc-3aa1-90c0-c892bd879a58
|i 7973a00e-66ce-3b32-8d6e-e1b812152fa2
|t 0
|
| 952 |
f |
f |
|p serial
|a Texas A&M University
|b Rellis Campus
|c Joint Library Facility
|d Remote Storage
|t 0
|e QC851 .A82
|h Library of Congress classification
|i unmediated -- volume
|k v.45
|l 2007
|m A14837128438
|
| 952 |
f |
f |
|p ric
|a Texas A&M University
|b Rellis Campus
|c Joint Library Facility
|d Remote Storage
|t 0
|e QC851 .A82
|h Library of Congress classification
|i unmediated -- volume
|k v.44:no.1-2
|l 2006:Mar.-June
|m A14836137214
|
| 952 |
f |
f |
|p ric
|a Texas A&M University
|b Rellis Campus
|c Joint Library Facility
|d Remote Storage
|t 0
|e QC851 .A82
|h Library of Congress classification
|i unmediated -- volume
|k v.34
|l 1996
|m A14832191070
|
| 952 |
f |
f |
|p ric
|a Texas A&M University
|b Rellis Campus
|c Joint Library Facility
|d Remote Storage
|t 0
|e QC851 .A82
|h Library of Congress classification
|i unmediated -- volume
|k v.32
|l 1994
|m A14819305846
|
| 952 |
f |
f |
|p ric
|a Texas A&M University
|b Rellis Campus
|c Joint Library Facility
|d Remote Storage
|t 0
|e QC851 .A82
|h Library of Congress classification
|i unmediated -- volume
|k v.44:no.3-4
|l 2006:Sept.-Dec.
|m A14836137175
|
| 952 |
f |
f |
|p ric
|a Texas A&M University
|b Rellis Campus
|c Joint Library Facility
|d Remote Storage
|t 0
|e QC851 .A82
|h Library of Congress classification
|i unmediated -- volume
|k v.19
|l 1981
|m A14828442516
|
| 952 |
f |
f |
|p ric
|a Texas A&M University
|b Rellis Campus
|c Joint Library Facility
|d Remote Storage
|t 0
|e QC851 .A82
|h Library of Congress classification
|i unmediated -- volume
|k v.46:no.3-4
|l 2008:Sept.-Dec.
|m A14834792717
|
| 952 |
f |
f |
|p ric
|a Texas A&M University
|b Rellis Campus
|c Joint Library Facility
|d Remote Storage
|t 0
|e QC851 .A82
|h Library of Congress classification
|i unmediated -- volume
|k v.40
|l 2002
|m A14830963748
|
| 952 |
f |
f |
|p ric
|a Texas A&M University
|b Rellis Campus
|c Joint Library Facility
|d Remote Storage
|t 0
|e QC851 .A82
|h Library of Congress classification
|i unmediated -- volume
|k v.38
|l 2000
|m A14828578464
|
| 952 |
f |
f |
|p serial
|a Texas A&M University
|b Rellis Campus
|c Joint Library Facility
|d Remote Storage
|t 0
|e QC851 .A82
|h Library of Congress classification
|i unmediated -- volume
|k v.48:no.3-4
|l 2010:Sept.-Dec.
|m A14839671908
|
| 952 |
f |
f |
|p ric
|a Texas A&M University
|b Rellis Campus
|c Joint Library Facility
|d Remote Storage
|t 0
|e QC851 .A82
|h Library of Congress classification
|i unmediated -- volume
|k v.36
|l 1998
|m A14825375207
|
| 952 |
f |
f |
|p ric
|a Texas A&M University
|b Rellis Campus
|c Joint Library Facility
|d Remote Storage
|t 0
|e QC851 .A82
|h Library of Congress classification
|i unmediated -- volume
|k v.46:no.1-2
|l 2008:Mar.-June
|m A14834792678
|
| 952 |
f |
f |
|p ric
|a Texas A&M University
|b Rellis Campus
|c Joint Library Facility
|d Remote Storage
|t 0
|e QC851 .A82
|h Library of Congress classification
|i unmediated -- volume
|k v.41
|l 2003
|m A14832176541
|
| 952 |
f |
f |
|p ric
|a Texas A&M University
|b Rellis Campus
|c Joint Library Facility
|d Remote Storage
|t 0
|e QC851 .A82
|h Library of Congress classification
|i unmediated -- volume
|k v.31
|l 1993
|m A14818755682
|
| 952 |
f |
f |
|p ric
|a Texas A&M University
|b Rellis Campus
|c Joint Library Facility
|d Remote Storage
|t 0
|e QC851 .A82
|h Library of Congress classification
|i unmediated -- volume
|k v.42
|l 2004
|m A14833709290
|
| 952 |
f |
f |
|p ric
|a Texas A&M University
|b Rellis Campus
|c Joint Library Facility
|d Remote Storage
|t 0
|e QC851 .A82
|h Library of Congress classification
|i unmediated -- volume
|k v.27:no.3 -v.27:no.4
|l 1989-1989
|m A14812080958
|
| 952 |
f |
f |
|p ric
|a Texas A&M University
|b Rellis Campus
|c Joint Library Facility
|d Remote Storage
|t 0
|e QC851 .A82
|h Library of Congress classification
|i unmediated -- volume
|k v.26:no.3 -v.26:no.4
|l 1988-1988
|m A14811853104
|
| 952 |
f |
f |
|p ric
|a Texas A&M University
|b Rellis Campus
|c Joint Library Facility
|d Remote Storage
|t 0
|e QC851 .A82
|h Library of Congress classification
|i unmediated -- volume
|k v.28
|l 1990
|m A14814678537
|
| 952 |
f |
f |
|p ric
|a Texas A&M University
|b Rellis Campus
|c Joint Library Facility
|d Remote Storage
|t 0
|e QC851 .A82
|h Library of Congress classification
|i unmediated -- volume
|k v.26:no.1 -v.26:no.2
|l 1988-1988
|m A14811826741
|
| 952 |
f |
f |
|p ric
|a Texas A&M University
|b Rellis Campus
|c Joint Library Facility
|d Remote Storage
|t 0
|e QC851 .A82
|h Library of Congress classification
|i unmediated -- volume
|k v.33
|l 1995:March-Dec.
|m A14820376842
|
| 952 |
f |
f |
|p ric
|a Texas A&M University
|b Rellis Campus
|c Joint Library Facility
|d Remote Storage
|t 0
|e QC851 .A82
|h Library of Congress classification
|i unmediated -- volume
|k v.29:no.3 -v.29:no.4
|l 1991-1991
|m A14815601753
|
| 952 |
f |
f |
|p ric
|a Texas A&M University
|b Rellis Campus
|c Joint Library Facility
|d Remote Storage
|t 0
|e QC851 .A82
|h Library of Congress classification
|i unmediated -- volume
|k v.35
|l 1997
|m A14823281999
|
| 952 |
f |
f |
|p ric
|a Texas A&M University
|b Rellis Campus
|c Joint Library Facility
|d Remote Storage
|t 0
|e QC851 .A82
|h Library of Congress classification
|i unmediated -- volume
|k v.48:no.1-2
|l 2010:Mar.-June
|m A14839671869
|
| 952 |
f |
f |
|p ric
|a Texas A&M University
|b Rellis Campus
|c Joint Library Facility
|d Remote Storage
|t 0
|e QC851 .A82
|h Library of Congress classification
|i unmediated -- volume
|k v.37
|l 1999
|m A14826396361
|
| 952 |
f |
f |
|p ric
|a Texas A&M University
|b Rellis Campus
|c Joint Library Facility
|d Remote Storage
|t 0
|e QC851 .A82
|h Library of Congress classification
|i unmediated -- volume
|k v.21
|l 1983
|m A14828438583
|
| 952 |
f |
f |
|p ric
|a Texas A&M University
|b Rellis Campus
|c Joint Library Facility
|d Remote Storage
|t 0
|e QC851 .A82
|h Library of Congress classification
|i unmediated -- volume
|k v.47:no.1-2
|l 2009:Mar.-June
|m A14839110025
|
| 952 |
f |
f |
|p ric
|a Texas A&M University
|b Rellis Campus
|c Joint Library Facility
|d Remote Storage
|t 0
|e QC851 .A82
|h Library of Congress classification
|i unmediated -- volume
|k v.29:no.1 -v.29:no.2
|l 1991-1991
|m A14815671334
|
| 952 |
f |
f |
|p ric
|a Texas A&M University
|b Rellis Campus
|c Joint Library Facility
|d Remote Storage
|t 0
|e QC851 .A82
|h Library of Congress classification
|i unmediated -- volume
|k v.43
|l 2005
|m A14834460132
|
| 952 |
f |
f |
|p ric
|a Texas A&M University
|b Rellis Campus
|c Joint Library Facility
|d Remote Storage
|t 0
|e QC851 .A82
|h Library of Congress classification
|i unmediated -- volume
|k v.47:no.3-4
|l 2009:Sept.-Dec.
|m A14839110067
|
| 952 |
f |
f |
|p ric
|a Texas A&M University
|b Rellis Campus
|c Joint Library Facility
|d Remote Storage
|t 0
|e QC851 .A82
|h Library of Congress classification
|i unmediated -- volume
|k v.39
|l 2001
|m A14829625620
|
| 952 |
f |
f |
|p ric
|a Texas A&M University
|b Rellis Campus
|c Joint Library Facility
|d Remote Storage
|t 0
|e QC851 .A82
|h Library of Congress classification
|i unmediated -- volume
|k v.27:no.1 -v.27:no.2
|l 1989-1989
|m A14812081001
|
| 952 |
f |
f |
|p ric
|a Texas A&M University
|b Rellis Campus
|c Joint Library Facility
|d Remote Storage
|t 0
|e QC851 .A82
|h Library of Congress classification
|i unmediated -- volume
|k v.25
|l 1987
|m A14811403828
|
| 952 |
f |
f |
|p ric
|a Texas A&M University
|b Rellis Campus
|c Joint Library Facility
|d Remote Storage
|t 0
|e QC851 .A82
|h Library of Congress classification
|i unmediated -- volume
|k v.30
|l 1992
|m A14817177483
|
| 998 |
f |
f |
|a QC851 .A82
|s v.19-48 (1981-2010)
|t 0
|l Remote Storage
|